Statistics for Top 25 Highest-Ranked Countries by the Happy Planet Index

Click here to take the quiz!

General Stats

  • This quiz has been taken 73 times
  • The average score is 9 of 25

Answer Stats

CountriesScore% Correct
Norway36.8
82%
Costa Rica44.7
52%
Switzerland34.3
51%
Brazil34.3
48%
Colombia40.7
48%
Ecuador37.0
48%
Netherlands35.3
48%
Uruguay36.1
48%
Panama39.5
46%
Argentina35.2
44%
Peru34.6
44%
Spain36.0
44%
Nicaragua38.7
41%
El Salvador35.6
39%
Mexico40.7
36%
Thailand37.3
34%
Indonesia35.7
33%
Jamaica36.9
33%
Vietnam40.3
31%
Philippines35.0
25%
Bangladesh38.4
15%
Albania36.8
8%
Tajikistan34.2
8%
Vanuatu40.6
8%
Palestine34.5
0%

Score Distribution

Percentile by Number Answered

Percent of People with Each Score

Your Score History

You have not taken this quiz